<?xml version="1.0" encoding="UTF-8"?>
<record
    xmlns:xsi="http://www.w3.org/2001/XMLSchema-instance"
    xsi:schemaLocation="http://www.loc.gov/MARC21/slim http://www.loc.gov/standards/marcxml/schema/MARC21slim.xsd"
    xmlns="http://www.loc.gov/MARC21/slim">

  <leader>01195nam0a2200313   4500</leader>
  <controlfield tag="001">RU\NLR\BIBL_A\011239715</controlfield>
  <controlfield tag="005">20260406075206.0</controlfield>
  <datafield tag="010" ind1=" " ind2=" ">
    <subfield code="a">978-5-17-098075-8</subfield>
    <subfield code="9">7000</subfield>
  </datafield>
  <datafield tag="021" ind1=" " ind2=" ">
    <subfield code="a">RU</subfield>
    <subfield code="b">2016-74309</subfield>
    <subfield code="9">4815</subfield>
  </datafield>
  <datafield tag="035" ind1=" " ind2=" ">
    <subfield code="a">(NLR Aleph) 011239715</subfield>
  </datafield>
  <datafield tag="090" ind1=" " ind2=" ">
    <subfield code="a">12115298</subfield>
    <subfield code="c">12115298</subfield>
  </datafield>
  <datafield tag="100" ind1=" " ind2=" ">
    <subfield code="a">20161013d2016    |||y0rusy50      ca</subfield>
  </datafield>
  <datafield tag="101" ind1="1" ind2=" ">
    <subfield code="a">rus</subfield>
    <subfield code="c">eng</subfield>
  </datafield>
  <datafield tag="102" ind1=" " ind2=" ">
    <subfield code="a">RU</subfield>
  </datafield>
  <datafield tag="105" ind1=" " ind2=" ">
    <subfield code="a">a   z   000ay</subfield>
  </datafield>
  <datafield tag="200" ind1="1" ind2=" ">
    <subfield code="a">&#x427;&#x443;&#x434;&#x435;&#x441;&#x43D;&#x44B;&#x439; &#x43D;&#x43E;&#x436;</subfield>
    <subfield code="e">[&#x440;&#x43E;&#x43C;&#x430;&#x43D;]</subfield>
    <subfield code="f">&#x424;&#x438;&#x43B;&#x438;&#x43F; &#x41F;&#x443;&#x43B;&#x43C;&#x430;&#x43D;</subfield>
    <subfield code="g">[&#x43F;&#x435;&#x440;. &#x441; &#x430;&#x43D;&#x433;&#x43B;. &#x412;. &#x411;&#x430;&#x431;&#x43A;&#x43E;&#x432;&#x430;</subfield>
    <subfield code="g">&#x438;&#x43B;. &#x424;&#x438;&#x43B;&#x438;&#x43F;&#x430; &#x41F;&#x443;&#x43B;&#x43C;&#x430;&#x43D;&#x430;]</subfield>
  </datafield>
  <datafield tag="210" ind1=" " ind2=" ">
    <subfield code="a">&#x41C;&#x43E;&#x441;&#x43A;&#x432;&#x430;</subfield>
    <subfield code="c">&#x410;&#x421;&#x422;</subfield>
    <subfield code="d">2016</subfield>
  </datafield>
  <datafield tag="215" ind1=" " ind2=" ">
    <subfield code="a">381, [2] &#x441;.</subfield>
    <subfield code="c">&#x438;&#x43B;.</subfield>
    <subfield code="d">22</subfield>
  </datafield>
  <datafield tag="225" ind1="1" ind2=" ">
    <subfield code="a">&#x417;&#x43E;&#x43B;&#x43E;&#x442;&#x43E;&#x439; &#x43A;&#x43E;&#x43C;&#x43F;&#x430;&#x441;</subfield>
  </datafield>
  <datafield tag="311" ind1=" " ind2=" ">
    <subfield code="a">&#x42F;&#x432;&#x43B;&#x44F;&#x435;&#x442;&#x441;&#x44F; &#x43F;&#x440;&#x43E;&#x434;&#x43E;&#x43B;&#x436;. &#x43A;&#x43D;&#x438;&#x433;&#x438; "&#x421;&#x435;&#x432;&#x435;&#x440;&#x43D;&#x43E;&#x435; &#x441;&#x438;&#x44F;&#x43D;&#x438;&#x435;"</subfield>
  </datafield>
  <datafield tag="333" ind1=" " ind2=" ">
    <subfield code="a">12+</subfield>
  </datafield>
  <datafield tag="488" ind1=" " ind2="0">
    <subfield code="1">2001#$a&#x421;&#x435;&#x432;&#x435;&#x440;&#x43D;&#x43E;&#x435; &#x441;&#x438;&#x44F;&#x43D;&#x438;&#x435;</subfield>
    <subfield code="t">&#x421;&#x435;&#x432;&#x435;&#x440;&#x43D;&#x43E;&#x435; &#x441;&#x438;&#x44F;&#x43D;&#x438;&#x435;</subfield>
  </datafield>
  <datafield tag="686" ind1="1" ind2=" ">
    <subfield code="a">&#x428;6(4&#x412;&#x43B;)67-445{&#x41B;&#x445;1299-62}</subfield>
  </datafield>
  <datafield tag="700" ind1=" " ind2="1">
    <subfield code="8">rus</subfield>
    <subfield code="7">ca</subfield>
    <subfield code="a">&#x41F;&#x443;&#x43B;&#x43C;&#x430;&#x43D;</subfield>
    <subfield code="b">&#x424;.</subfield>
    <subfield code="g">&#x424;&#x438;&#x43B;&#x438;&#x43F;</subfield>
    <subfield code="f">1946-</subfield>
    <subfield code="3">RU\NLR\AUTH\7737225</subfield>
    <subfield code="9">20214</subfield>
  </datafield>
  <datafield tag="702" ind1=" " ind2="1">
    <subfield code="4">440</subfield>
    <subfield code="8">rus</subfield>
    <subfield code="7">ca</subfield>
    <subfield code="a">&#x41F;&#x443;&#x43B;&#x43C;&#x430;&#x43D;</subfield>
    <subfield code="b">&#x424;.</subfield>
    <subfield code="g">&#x424;&#x438;&#x43B;&#x438;&#x43F;</subfield>
    <subfield code="f">1946-</subfield>
    <subfield code="3">RU\NLR\AUTH\7737225</subfield>
    <subfield code="9">20214</subfield>
  </datafield>
  <datafield tag="942" ind1=" " ind2=" ">
    <subfield code="c">BOOK</subfield>
  </datafield>
  <datafield tag="980" ind1=" " ind2=" ">
    <subfield code="a">NB</subfield>
  </datafield>
  <datafield tag="995" ind1=" " ind2=" ">
    <subfield code="5">2016-10-13</subfield>
    <subfield code="b">NLR01</subfield>
    <subfield code="c">NLR01</subfield>
    <subfield code="e">RF31</subfield>
    <subfield code="f">1-1139022</subfield>
    <subfield code="k">2016-5/7373</subfield>
    <subfield code="o">0</subfield>
    <subfield code="r">BOOK</subfield>
    <subfield code="s">201657373_</subfield>
  </datafield>
  <datafield tag="995" ind1=" " ind2=" ">
    <subfield code="5">2016-10-13</subfield>
    <subfield code="b">NLR01</subfield>
    <subfield code="c">NLR01</subfield>
    <subfield code="e">RF31</subfield>
    <subfield code="f">1-1139023</subfield>
    <subfield code="k">2016-5/7373</subfield>
    <subfield code="o">0</subfield>
    <subfield code="r">BOOK</subfield>
    <subfield code="s">201657373_</subfield>
  </datafield>
</record>
